| 000 | 00361 a2200157 4500 | ||
|---|---|---|---|
| 001 | 75787 | ||
| 020 | _a9788532280558 | ||
| 040 | _cAnchieta - Colégio São Paulo | ||
| 100 | _aJosé, Elias | ||
| 240 | 1 | 0 |
_aUm casório bem finório _lpor |
| 245 | 1 | 0 | _aUm casório bem finório |
| 300 | _a55 | ||
| 362 | 0 | _a2012 | |
| 650 | 4 | _aLiteratura infantil | |
| 942 | _cBK | ||
| 999 |
_c75787 _d75787 |
||